|
|
|
|
| LEADER |
00000nam a2200000 a 4500 |
| 001 |
vtls001283388 |
| 003 |
SK-MaSNL |
| 005 |
20260223214042.0 |
| 008 |
210928s1966 xx 0 und |
| 035 |
|
|
|a SNK000234850
|
| 040 |
|
|
|a SNK
|b slo
|c SNK
|e AACR2
|
| 245 |
1 |
|
|a Katalog povětrnostních situací pro území ČSSR
|
| 260 |
|
|
|a Praha
|b Hydrometeorolický ústav
|c 1966
|
| 300 |
|
|
|a 94 s.
|
| 958 |
|
|
|a OND
|
| 999 |
|
|
|c 714005
|d 715935
|
| 952 |
|
|
|t P60, <04>, [BOOK], {604}
|a SNK
|b SNK
|y VYP
|7 0
|p 17A0060795
|o snkSC 23471 D1
|0 0
|1 0
|4 0
|d 1997-04-14
|l 0
|r 2005-01-02 00:00:00
|w 2026-02-23
|
| 952 |
|
|
|t P60, <04>, [BOOK], {604}
|a SNK
|b SNK
|y VYP
|7 0
|p 17A0115304
|o snkSC 23471 D2
|0 0
|1 0
|4 0
|d 1998-01-08
|l 0
|r 2005-01-02 00:00:00
|w 2026-02-23
|
| 952 |
|
|
|a SNK
|b SNK
|y PREZ
|7 0
|p 17A0921910
|o snkSC 23471
|0 0
|1 0
|4 0
|d 2012-08-27
|l 0
|r 2025-08-20 00:00:00
|w 2026-02-23
|